[Event "EYCC 2017"]
[Site "Mamaia"]
[Date "2017.09.14"]
[Round "9"]
[White "Tokranovs, Dmitrijs"]
[Black "Sorokin, Aleksey"]
[Result "1/2-1/2"]
[WhiteElo "2334"]
[BlackElo "2486"]
[Annotator "TA"]
[PlyCount "74"]
[EventDate "2017.??.??"]
[EventType "swiss"]
[EventCountry "ROU"]
[SourceTitle "playchess.com"]
[Source "ChessBase"]
[SourceQuality "1"]

{[%evp 19,74,60,75,53,52,57,58,58,71,22,37,24,31,19,58,43,37,25,59,14,8,0,12,7,0,0,97,91,81,15,18,23,46,47,49,49,151,121,118,55,94,109,233,0,0,0,0,0,0,0,0,0,0,0,0,0,0]} 1. e4 c5 2. c3 Nf6 3. e5 Nd5 4. Bc4 Nb6 5. Bb3 Nc6 6. Nf3 c4 7. Bc2 Qc7 {B22: Sicilian: 2 c3} 8. O-O (8. Qe2 g5 9. h3 Bg7 10. Na3 Nxe5 11. Nxg5 d5 12. Nb5 Qd7 13. f4 Nd3+ 14. Bxd3 cxd3 15. Qxd3 f6 16. Nf3 e5 {1-0 (52) Kovalenko,I (2659)-Salem,A (2638) Biel 2017}) 8... e6 9. Re1 d6 10. exd6 Bxd6 {LiveBook: 3 Games} 11. d4 cxd3 $1 12. Qxd3 Bd7 13. Nbd2 O-O-O 14. Ne4 $146 ({Find the theoretical novelty and annotate with similar games:} 14. Nc4 Nxc4 15. Qxc4 {½-½ (49) Grizenko,A (2168)-Shimanov,A (2234) Heraklio 2004}) 14... Be7 $1 15. Qe2 h6 16. Be3 e5 17. Nc5 Bxc5 18. Bxc5 Be6 19. Bxb6 Qxb6 20. Bb3 Rhe8 21. Bxe6+ Rxe6 22. Rad1 Red6 (22... e4 $11 {keeps the balance.} 23. Rxd8+ Qxd8) 23. Rxd6 $16 Rxd6 24. Qc4 (24. Nxe5 $16 Re6 25. Nc4) 24... Qxb2 $11 25. Qxf7 Qxc3 26. Qf8+ Rd8 27. Qxg7 Qa5 ({Black should try} 27... Nd4 $14 28. Qxe5 Nxf3+ 29. gxf3 Rg8+ 30. Kf1 Qc4+ 31. Qe2 Qxe2+ 32. Rxe2 Rg5) 28. h4 Qxa2 29. Nxe5 (29. Qxh6 $16 Qd5 30. h5) 29... Qe6 30. Rc1 $40 {[%mdl 128] [#] Strongly threatening Nxc6. White has strong attack.} Rg8 (30... Rd6 $16 {might work better.} 31. Qf8+ Kc7) 31. Nxc6 $2 (31. Qh7 $18) 31... Rxg7 {The position is equal.} 32. Nd4+ Kd7 {[#]} 33. Rc7+ $1 {[%mdl 512]} Kd6 {( -> ...Qe1+)} (33... Kxc7 34. Nxe6+) 34. Nxe6 Rxc7 35. Nxc7 Kxc7 36. g4 Kd6 37. Kf1 $1 Ke5 {Precision: White = 45%, Black = 35%.} 1/2-1/2

[Event "EYCC 2017"]
[Site "Mamaia"]
[Date "2017.09.14"]
[Round "9"]
[White "Radovic, Janko"]
[Black "Tica, Sven"]
[Result "1-0"]
[WhiteElo "2330"]
[BlackElo "2389"]
[Annotator "TA"]
[PlyCount "55"]
[EventDate "2017.??.??"]
[EventType "swiss"]
[EventCountry "ROU"]
[SourceTitle "playchess.com"]
[Source "ChessBase"]
[SourceQuality "1"]

1. e4 {Program Activation Required} c6 2. d4 d5 3. e5 Bf5 4. h4 Qc7 (4... h5 5. Bd3 Bxd3 6. Qxd3 e6 7. Bg5 Be7 8. Nf3 Nh6 9. c4 dxc4 10. Qxc4 Nd7 11. Nc3 Nb6 12. Qb3 Nf5 13. Rd1 Rb8 14. Bxe7 Qxe7 {½-½ (35) Cheparinov,I (2703)-Solak,D (2624) Kocaeli 2017}) 5. c4 e6 6. Nc3 {B12: Caro-Kann (Vorstoß-Variante)} h6 7. Nge2 Ne7 8. Ng3 Bh7 9. Bd3 $146 ({Vorgänger:} 9. Be3 Nd7 10. Rc1 Qa5 11. c5 f6 12. exf6 gxf6 {1-0 (27) Havelka,J (2330)-Solozhenkin,E (2452) Marianske Lazne 2017}) 9... Bxd3 10. Qxd3 Nd7 11. b3 a6 12. O-O dxc4 13. bxc4 Rd8 14. f4 g6 15. Nce4 Nc8 16. h5 Be7 17. hxg6 fxg6 18. Ng5 Nxe5 19. fxe5 hxg5 20. c5 Rg8 21. Qb3 Rd5 22. Ne4 Rh8 23. Bxg5 Bxg5 24. Nxg5 Qe7 25. Rf6 Rxe5 26. dxe5 Qxc5+ 27. Rf2 Qxe5 28. Qxe6+ 1-0

[Event "EYCC 2017"]
[Site "Mamaia"]
[Date "2017.09.14"]
[Round "9"]
[White "Stoleriu, George"]
[Black "Vrolijk, Liam"]
[Result "1-0"]
[WhiteElo "2315"]
[BlackElo "2418"]
[Annotator "TA"]
[PlyCount "81"]
[EventDate "2017.??.??"]
[EventType "swiss"]
[EventCountry "ROU"]
[SourceTitle "playchess.com"]
[Source "ChessBase"]
[SourceQuality "1"]

1. d4 {Program Activation Required} Nf6 2. Bg5 e6 3. Nd2 d5 4. e3 c5 5. c3 Nc6 6. Ngf3 h6 7. Bh4 g5 {D03: Damenbauernspiele} 8. Bg3 Nh5 9. Be5 f6 (9... Nxe5 10. Nxe5 Nf6 11. Bb5+ Nd7 12. Qf3 Qe7 13. h4 Bg7 14. hxg5 hxg5 15. Rxh8+ Bxh8 {½-½ (35) So,W (2770)-Giri,A (2782) Paris 2016}) 10. Bg3 Nxg3 11. hxg3 Kf7 $146 ({Vorgänger:} 11... g4 12. Nh4 Rg8 13. Nb3 c4 14. Nd2 f5 15. a4 {1-0 (51) Eriksson,J (2216)-Al Hadarani,H (2247) Sweden 2016}) 12. Bd3 Kg7 13. Qe2 cxd4 14. Nxd4 Bd6 15. O-O-O Bd7 16. Kb1 Qe7 17. Nb5 Bc5 18. Nb3 Bb6 19. e4 dxe4 20. Bxe4 f5 21. Bxf5 Raf8 22. g4 a6 23. Na3 Bc8 24. Bc2 Rxf2 25. Qe4 Qf6 26. Nc4 Rf4 27. Qd3 Bc7 28. Nc5 b5 29. Nd6 Ne5 30. Ne8+ Rxe8 31. Qh7+ Kf8 32. Qxc7 Nf7 33. g3 Rxg4 34. Rhf1 Qe7 35. Nd7+ Kg7 36. Nf6 Rc4 37. Nxe8+ Qxe8 38. Qa7 e5 39. Rd8 Qe6 40. Rd6 Qe8 41. Rg6+ 1-0

[Event "EYCC 2017"]
[Site "Mamaia"]
[Date "2017.09.14"]
[Round "9"]
[White "Stefansson, Vignir Vatnar"]
[Black "Mis, Mieszko"]
[Result "1/2-1/2"]
[WhiteElo "2312"]
[BlackElo "2245"]
[Annotator "TA"]
[PlyCount "76"]
[EventDate "2017.??.??"]
[EventType "swiss"]
[EventCountry "ROU"]
[SourceTitle "playchess.com"]
[Source "ChessBase"]
[SourceQuality "1"]

1. e4 {Program Activation Required} c5 2. Nf3 d6 3. Bb5+ Nc6 4. Nc3 Bd7 5. O-O Nf6 6. Bxc6 {B51: Sizilianisch (Rossolimo-Variante)} (6. Re1 g6 7. Bxc6 Bxc6 8. d4 cxd4 9. Nxd4 Bg7 10. Bg5 O-O 11. Qd2 Re8 12. Rad1 Qa5 13. Nb3 Qc7 14. Nd5 Nxd5 15. exd5 {1-0 (24) Andriasian,Z (2591)-Eliseev,U (2536) St Petersburg 2015}) 6... Bxc6 7. Qe2 g6 8. d4 cxd4 9. Nxd4 Bg7 $146 ({Vorgänger:} 9... Qc7 10. Ncb5 Qb8 11. f3 a6 12. Na3 Bg7 {0-1 (50) Gerdes,H (1632)-Zehfuss,H (1793) Bergen 2012}) 10. e5 dxe5 11. Nxc6 bxc6 12. Qxe5 O-O 13. Qc5 Qd6 14. Be3 Ng4 15. Qxd6 exd6 16. Bf4 Ne5 17. Na4 Rfe8 18. Rad1 d5 19. b3 Nd7 20. Be3 f5 21. Rfe1 Kf7 22. Kf1 Nb6 23. Nxb6 axb6 24. a4 Reb8 25. Bd4 Bxd4 26. Rxd4 b5 27. axb5 Rxb5 28. g4 Ra2 29. gxf5 gxf5 30. Rh4 Rxc2 31. Rxh7+ Kg6 32. Rh3 Rb2 33. Re6+ Kg5 34. Rxc6 R5xb3 35. Rxb3 Rxb3 36. Rd6 Rb5 37. Kg2 f4 38. Rd8 Ra5 1/2-1/2

[Event "EYCC 2017"]
[Site "Mamaia"]
[Date "2017.09.14"]
[Round "9"]
[White "Akhvlediani, Irakli"]
[Black "Haldorsen, Benjamin"]
[Result "1/2-1/2"]
[WhiteElo "2303"]
[BlackElo "2397"]
[Annotator "TA"]
[PlyCount "48"]
[EventDate "2017.??.??"]
[EventType "swiss"]
[EventCountry "ROU"]
[SourceTitle "playchess.com"]
[Source "ChessBase"]
[SourceQuality "1"]

{[%evp 19,48,5,6,0,13,-8,0,-24,-11,-33,0,-2,-8,-10,0,0,0,-25,16,0,0,0,0,0,0,0,9,10,3,0,0]} 1. d4 d5 2. c4 dxc4 3. e4 Nf6 4. e5 Nd5 5. Bxc4 Nb6 6. Bb3 Nc6 7. Be3 Bf5 8. Nf3 {D20: Queen's Gambit Accepted: 3 e3 and 3 e4} (8. Ne2 e6 9. Nbc3 Qd7 10. a3 O-O-O 11. Rc1 Kb8 12. O-O Qe8 13. Ba4 Nxa4 14. Qxa4 Bd3 15. d5 exd5 16. Rfd1 Bxe2 17. Nxe2 {0-1 (81) Bologan,V (2732)-Nakamura,H (2778) Biel 2012}) 8... e6 9. Nc3 Nb4 10. O-O Be7 {LiveBook: 3 Games} 11. Rc1 $146 ({Find the theoretical novelty and annotate with similar games:} 11. a3 N4d5 12. Qe2 O-O 13. Rfd1 Qc8 14. Bg5 Qd8 15. Bd2 Nxc3 16. bxc3 {1-0 (69) Nikolic,P (2665)-Van den Doel,E (2593) Leiden 2008}) 11... c6 (11... Nd3 $5 {[%cal Rd3c1]}) 12. Qd2 (12. a3 $5 {[%cal Ra3b4]} N4d5 13. Bc2 $11) 12... O-O 13. h3 Bg6 (13... a5 $5 {[%cal Ra5a4]}) 14. Ne1 Rc8 (14... c5 $5) 15. a3 N4d5 16. Nd3 Nxc3 17. Rxc3 Nd5 18. Rcc1 (18. Bxd5 $5 exd5 19. Rfc1 $11) 18... b6 19. Bxd5 {The position is equal.} cxd5 20. Rxc8 Qxc8 21. Rc1 Qd7 22. Qc3 Bxd3 23. Qxd3 Rc8 24. Qf1 h6 {Precision: White = 42%, Black = 41%.} 1/2-1/2

[Event "EYCC 2017"]
[Site "Mamaia"]
[Date "2017.09.14"]
[Round "9"]
[White "Lazov, Toni"]
[Black "Morozov, Nichita"]
[Result "0-1"]
[WhiteElo "2289"]
[BlackElo "2461"]
[Annotator "TA"]
[PlyCount "100"]
[EventDate "2017.??.??"]
[EventType "swiss"]
[EventCountry "ROU"]
[SourceTitle "playchess.com"]
[Source "ChessBase"]
[SourceQuality "1"]

{[%evp 15,100,34,35,36,35,36,35,43,40,29,28,31,68,0,0,-19,-19,-16,-20,-38,-34,-32,-39,-166,-80,-87,-37,-127,-57,-51,-54,-62,-48,-52,-61,-45,-54,-68,-62,-75,-69,-77,-75,-102,-90,-114,-85,-116,-53,-56,-66,-73,-41,-65,-66,-64,-66,-77,-87,-108,-60,-88,-8,-17,-6,-271,-256,-268,-267,-277,-255,-368,-363,-358,-367,-860,-842,-675,-527,-629,-507,-481,-466,-720,-733,-29989,-29990]} 1. e4 g6 2. d4 Bg7 3. Nc3 d6 4. f4 Nf6 5. Nf3 c5 6. Bb5+ Bd7 7. e5 Ng4 8. Bxd7+ Qxd7 9. h3 {B09: Pirc Defence: Austrian Attack} cxd4 10. Qxd4 Nh6 11. Qf2 {White is slightly better.} (11. Bd2 Nf5 12. Qf2 h5 13. O-O-O Nc6 14. Rhe1 h4 15. Kb1 e6 16. exd6 Qxd6 {0-1 (45) Gao,R (2543)-Lu,S (2620) Xinghua 2017}) 11... Nc6 12. Bd2 dxe5 13. fxe5 Qf5 14. Qh4 ({Better is} 14. O-O-O $14) 14... Qxc2 $11 15. Rc1 $146 ({Predecessor:} 15. Bxh6 Bxh6 16. Qxh6 Qxb2 {0-1 (32) Can,I (2103)-Yordanov,L (2139) Poprad 2016}) 15... Qxb2 {[#] Strongly threatening ...Nf5.} 16. Rb1 Qc2 17. Rc1 $1 {[%cal Rc1c2]} g5 18. Qxg5 Qg6 19. Qf4 {[#]} ({White should try} 19. Ne2 $15) 19... O-O ({Don't blunder} 19... Qxg2 $2 20. Rg1 $18) (19... Nf5 $1 $19 {aiming for ...Rd8.} 20. O-O (20. g4 $2 Nfd4 $19) 20... Rd8) 20. Nd5 $17 {And now Rxc6! would win.} Qd3 ({Wrong is} 20... Qxg2 $2 21. Rg1 $18) 21. Ne3 (21. Nb4 $1 $15 Nxb4 22. Qxb4) 21... Rfd8 (21... Rac8 $17 22. Rc3 Qb1+ 23. Rc1 Qd3) 22. Bc3 $1 $15 e6 23. Kf2 Nf5 24. Nxf5 Qxf5 25. Qxf5 exf5 26. Rhd1 Kf8 27. Rb1 b6 28. Bb2 Ke8 29. Ke3 Bh6+ 30. Ke2 Bf4 31. Nh4 Bxe5 (31... Ne7 $17 32. Rf1 Rd2+ 33. Kf3 Bh2) 32. Bxe5 Nxe5 33. Nxf5 f6 34. Rxd8+ Rxd8 {[%mdl 4096] Endgame KRN-KRN} 35. Rc1 Kf7 36. Rc7+ Rd7 37. Rc8 h5 38. Rh8 Ng6 (38... Rd3 $17 39. Rxh5 Ra3) 39. Rh7+ $11 Ke6 40. Ng7+ $2 {[%mdl 8192]} (40. Rxd7 $11 {and White stays safe.} Kxd7 41. g3) 40... Ke5 $19 41. Rxh5+ Ke4 42. Rh7 Nf4+ 43. Kf1 (43. Ke1 {is the only way for White.}) 43... Rd1+ 44. Kf2 Rd2+ 45. Kf1 $2 (45. Ke1 Rxg2 46. Ne8) 45... Nxg2 46. Kg1 Rxa2 47. Ne8 f5 48. Nd6+ Kf4 49. h4 (49. Rc7 $142) 49... Ne3 {White must now prevent ...Kf3.} 50. h5 Kf3 {Precision: White = 37%, Black = 55%.} 0-1

[Event "EYCC 2017"]
[Site "Mamaia"]
[Date "2017.09.14"]
[Round "9"]
[White "Askerov, Marat"]
[Black "Vykouk, Jan"]
[Result "1-0"]
[WhiteElo "2281"]
[BlackElo "2440"]
[Annotator "TA"]
[PlyCount "111"]
[EventDate "2017.??.??"]
[EventType "swiss"]
[EventCountry "ROU"]
[SourceTitle "playchess.com"]
[Source "ChessBase"]
[SourceQuality "1"]

1. d4 {Program Activation Required} Nf6 2. c4 e6 3. Nf3 b6 4. g3 Ba6 5. Qb3 Nc6 6. Nbd2 d5 7. cxd5 {E15: Damenindisch (Hauptfortsetzung, Abweichungen)} (7. Bg2 Bd6 8. cxd5 exd5 9. Ne5 Na5 10. Qa4+ c6 11. O-O O-O 12. Re1 Re8 13. Ndf3 Ne4 14. Bf4 c5 15. Rac1 Bb7 16. Nd3 Bf8 17. dxc5 bxc5 18. b4 Nc4 19. bxc5 Nxc5 20. Nxc5 Bxc5 21. e3 {½-½ (21) Moiseenko,A (2698)-Kryvoruchko,Y (2710) Germany 2014}) 7... Qxd5 8. Qxd5 Nxd5 9. a3 g6 $146 ({Vorgänger:} 9... Bb7 10. b3 g5 11. Bb2 g4 12. e4 gxf3 13. exd5 exd5 14. Nxf3 Na5 {½-½ (56) Zakhartsov,V (2537)-Zherebukh,Y (2473) Lvov 2008}) 10. b3 Bg7 11. Bb2 O-O-O 12. Rc1 Nde7 13. e3 Bxf1 14. Kxf1 h6 15. Ke2 Kb7 16. Rc2 Rhg8 17. Rhc1 Rd7 18. g4 Bh8 19. h4 a6 20. g5 h5 21. Ne4 Rc8 22. Nf6 Rdd8 23. b4 Nb8 24. Ne5 Rf8 25. Nh7 Rg8 26. Nxf7 Rg7 27. Rxc7+ Rxc7 28. Nd6+ Ka8 29. Rxc7 Rxh7 30. a4 b5 31. axb5 axb5 32. Nxb5 Nbc6 33. Nd6 Nxb4 34. Nc8 Nbd5 35. Rd7 Kb8 36. Nxe7 Nxe7 37. Ba3 Kc8 38. Rxe7 Rxe7 39. Bxe7 Bg7 40. Kd3 Kd7 41. Bb4 Kc6 42. Ke4 Kb5 43. Be7 Kc6 44. f4 Kd7 45. Bb4 Kc6 46. Ba3 Kd7 47. Kd3 Kc6 48. Kc4 Kd7 49. e4 Kc6 50. Bc5 Kd7 51. d5 Bb2 52. Bd4 Bc1 53. f5 exf5 54. exf5 gxf5 55. g6 Ke8 56. d6 1-0

[Event "EYCC 2017"]
[Site "Mamaia"]
[Date "2017.09.14"]
[Round "9"]
[White "Diakonova, Ekaterina"]
[Black "Olde, Margareth"]
[Result "1/2-1/2"]
[WhiteElo "2276"]
[BlackElo "2161"]
[Annotator "TA"]
[PlyCount "82"]
[EventDate "2017.??.??"]
[EventType "swiss"]
[EventCountry "ROU"]
[SourceTitle "playchess.com"]
[Source "ChessBase"]
[SourceQuality "1"]

{[%evp 30,82,27,0,0,0,0,-27,-30,-25,-29,-52,-69,-88,-39,-49,-50,-54,-22,-29,-1,0,0,-37,0,-46,-22,-102,-69,-104,-79,-81,-77,-85,-63,-112,-54,-88,-63,-63,-59,-62,0,-6,-11,-34,-7,-17,0,0,0,0,0,0,0]} 1. e4 c5 2. Nf3 e6 3. d4 cxd4 4. Nxd4 Nc6 5. Nb5 d6 6. c4 Nf6 7. N1c3 a6 8. Na3 Be7 9. Be2 O-O 10. O-O b6 11. Be3 Ne5 12. Qb3 Ned7 13. Rfd1 Qc7 14. f3 Bb7 15. Rac1 Rac8 16. Kh1 {LiveBook: 13 Games. B44: Sicilian: Taimanov: 5 Nb5} Rfd8 (16... Rfe8 17. Bf1 Qb8 18. Bg1 h6 19. Nab1 Bc6 20. a3 a5 21. Nd2 Nc5 22. Qa2 a4 23. b4 axb3 24. Nxb3 Nxb3 25. Qxb3 {½-½ (39) Magem Badals,J (2500)-Almasi,Z (2668) Sabadell 2008}) 17. Qc2 $146 ({Predecessor:} 17. Bf1 Qb8 18. Nc2 Qc7 19. Na3 Ne8 20. Qc2 Rb8 21. Nab5 axb5 {½-½ (21) Drazkowski,K (2346)-Tyutyunnik,R (2444) ICCF email 2005}) 17... Qb8 18. Qb1 d5 19. exd5 exd5 20. cxd5 b5 21. b4 Bd6 22. Bg1 Be5 23. Qb3 Bxc3 (23... Rxc3 $5 24. Rxc3 Bxd5 25. Rxd5 Nxd5 $15) 24. Rxc3 Rxc3 25. Qxc3 Nxd5 26. Qb3 N7f6 (26... Nf4 $5 {[%cal Rf4e2]} 27. Bf1 Nf8 $15) 27. Bd3 Nf4 $36 {[%mdl 2048] Black fights for an advantage.} 28. Bf5 (28. Bf1 $11) 28... Bd5 29. Qb1 Ne2 {[#] Hoping for ...Nc3.} 30. Qd3 Nxg1 31. Kxg1 g6 32. Qd4 Qd6 (32... Nh5 $17 {aiming for ...Nf4.} 33. Be4 Nf4) 33. Be4 {[#] Strongly threatening Nc2.} Rd7 {White must now prevent ...Qe6.} (33... Qe6 {with more complications.} 34. Bb1 Rd7 35. Qf2 Qe5 36. Nc2 Bc4) 34. Bxd5 Qxd5 35. Qxd5 Nxd5 $15 {[%mdl 4096] Endgame KRN-KRN} (35... Rxd5 $15 36. Rxd5 Nxd5) 36. Kf2 Kf8 37. Nc2 Ke7 38. a3 {The position is equal.} Nb6 39. Rxd7+ Kxd7 40. Ke3 Kd6 41. Kd4 Nd5 {Precision: White = 31%, Black = 52%.} 1/2-1/2

[Event "EYCC 2017"]
[Site "Mamaia"]
[Date "2017.09.14"]
[Round "9"]
[White "Cvitan, Ena"]
[Black "Shafigullina, Zarina"]
[Result "0-1"]
[WhiteElo "2270"]
[BlackElo "2130"]
[Annotator "TA"]
[PlyCount "70"]
[EventDate "2017.??.??"]
[EventType "swiss"]
[EventCountry "ROU"]
[SourceTitle "playchess.com"]
[Source "ChessBase"]
[SourceQuality "1"]

{[%evp 10,70,5,-18,6,0,0,0,0,-2,-1,-51,-46,-64,-72,-85,-82,-70,-63,-92,-27,-99,-100,-97,-104,-100,-97,-95,-94,-95,-96,-102,-93,-122,-108,-115,-112,-115,-110,-114,-113,-108,-96,-140,-100,-270,-250,-256,-245,-258,-243,-246,-250,-250,-223,-554,-616,-643,-623,-821,-822,-1546,-1506]} 1. d4 Nf6 2. c4 e6 3. a3 d5 4. Nc3 c6 5. cxd5 (5. e3 Nbd7 6. Nf3 Bd6 7. Qc2 O-O 8. Bd2 Qe7 9. h3 a6 10. Be2 b5 11. cxd5 cxd5 12. Na2 Bb7 13. Bb4 Rfc8 14. Qd1 Nb6 15. Bxd6 Qxd6 {1-0 (92) Raghunandan,K (2398)-Teh,E (2276) Abu Dhabi 2017}) 5... exd5 6. Nf3 {LiveBook: 3 Games. E00: Catalan Bogo-Indian (3 g3 Bb4+)} Bg4 7. Ne5 Bf5 8. Bg5 {The position is equal.} Be7 $146 ({Predecessor:} 8... Nbd7 9. Nxd7 Qxd7 10. Bxf6 gxf6 11. e3 Bd6 12. Bd3 Bg6 {0-1 (29) Suraj,C (1905)-Rohan,S (2177) New Delhi 2006}) 9. e3 Nbd7 10. g4 Be6 $1 11. Rg1 Nxe5 12. dxe5 Nd7 13. Bxe7 Qxe7 14. Qd4 Qg5 (14... O-O $17) 15. O-O-O (15. f4 $11 {keeps the balance.} Qh4+ 16. Rg3) 15... Qxe5 $17 16. f4 Qxd4 17. exd4 Nb6 18. Bd3 O-O-O 19. h4 Bd7 20. f5 Rde8 21. Rg3 Nc4 22. Bxc4 dxc4 23. d5 Re5 24. Rd4 b5 25. a4 {[#]} a6 $1 {[%cal Ba7a6,Ba6b5][%mdl 32]} 26. axb5 axb5 27. Ne4 $2 (27. dxc6 $17 Bxc6 28. b3) 27... Rxd5 $19 28. Nd6+ Kc7 29. Nxf7 {Black must now prevent Rxd5.} Rf8 30. Rxd5 cxd5 {[%cal Bc6d5,Bd5d4][%mdl 32] KRB-KRN} 31. Ne5 Re8 32. Nf3 $2 (32. Nxd7 {nothing else works.} Kxd7 33. Ra3) 32... Re3 {Black is clearly winning.} 33. h5 h6 34. Kd2 {[#]} d4 $1 {[%mdl 512]} 35. Rh3 (35. Nxd4 Rxg3) 35... b4 {Precision: White = 45%, Black = 83%.} 0-1

[Event "EYCC 2017"]
[Site "Mamaia"]
[Date "2017.09.14"]
[Round "9"]
[White "Yeritsyan, Aram"]
[Black "Gharibyan, Mamikon"]
[Result "1-0"]
[WhiteElo "2264"]
[BlackElo "2365"]
[Annotator "TA"]
[PlyCount "55"]
[EventDate "2017.??.??"]
[EventType "swiss"]
[EventCountry "ROU"]
[SourceTitle "playchess.com"]
[Source "ChessBase"]
[SourceQuality "1"]

1. e4 {Program Activation Required} e5 2. Bc4 Nc6 3. Nc3 Nf6 4. d3 Bc5 5. f4 d6 6. Nf3 Bg4 7. Na4 Bxf3 8. Qxf3 Nd4 9. Qd1 {C30: Abgelehntes Königsgambit} b5 10. Bxf7+ (10. fxe5 bxc4 11. exf6 Qxf6 12. Nxc5 dxc5 13. c3 Nc6 14. dxc4 Ne5 15. Be3 O-O 16. Qe2 Rad8 {0-1 (25) Ponomariov,R (2712)-Tomashevsky,E (2728) Huaian 2016}) 10... Kxf7 11. Nxc5 dxc5 12. fxe5 Nxe4 13. O-O+ Kg8 14. dxe4 Qe8 $146 ({Vorgänger:} 14... h5 15. c3 Nc6 16. Qb3+ Kh7 17. Qf7 Qe8 18. Be3 Qxe5 19. Rf5 {1-0 (19) Karch,R-Alderman,G corr 1980}) 15. c3 Ne6 16. Be3 h6 17. Qg4 Kh7 18. Rf5 Rd8 19. Raf1 Qg6 20. Qh4 Rhf8 21. Bxc5 Rfe8 22. Be3 Rd3 23. R5f3 Red8 24. Rg3 Qe8 25. Qg4 h5 26. Rh3 Rxe3 27. Rxh5+ Kg8 28. Qh4 1-0

[Event "EYCC 2017"]
[Site "Mamaia"]
[Date "2017.09.14"]
[Round "9"]
[White "Krstulovic, Alex"]
[Black "Van Dael, Siem"]
[Result "1-0"]
[WhiteElo "2261"]
[BlackElo "2319"]
[Annotator "TA"]
[PlyCount "87"]
[EventDate "2017.??.??"]
[EventType "swiss"]
[EventCountry "ROU"]
[SourceTitle "playchess.com"]
[Source "ChessBase"]
[SourceQuality "1"]

{[%evp 24,86,26,20,51,14,22,20,22,26,95,52,97,83,113,0,0,0,0,0,0,0,183,155,183,178,163,99,414,411,406,256,549,549,541,526,593,587,563,487,600,531,669,601,658,662,620,607,597,589,685,661,29991,29992,29992,29993,29993,29994,29995,29996,29996,29997,29998,29999,29999]} 1. d4 Nf6 2. c4 g6 3. Nc3 Bg7 4. e4 d6 5. Nf3 O-O 6. Be2 e5 7. O-O Nc6 8. d5 Ne7 9. Bg5 h6 10. Bxf6 Bxf6 11. b4 Bg7 12. Nd2 f5 13. c5 {[#] LiveBook: 29 Games} Rf7 $146 {E97: King's Indian: Classical Main Line (6...e5 7 0-0 Nc6): 8 Be3 and 8 d5 Ne7, not 9 Ne1} 14. cxd6 cxd6 15. Nc4 fxe4 {The position is equal.} 16. Nxe4 Rf4 (16... Nf5 $11 {remains equal.}) 17. Nexd6 Rd4 18. Qb3 Nxd5 {[#]} 19. Rad1 ({Worse is} 19. Qf3 Be6 $17) ({White should try} 19. Nb5 $1 $16) 19... Be6 $11 20. Nxb7 Qg5 21. Rxd4 exd4 22. Nc5 Re8 $2 (22... Nf4 $11 23. Bf3 Nh3+ 24. Kh1 Nxf2+ 25. Kg1 Nh3+ 26. Kh1 Nf2+ 27. Kg1 Nh3+ 28. Kh1 Nf2+) 23. Bf3 $18 {And now h4! would win.} Kh7 24. h4 $36 {[%mdl 2048] Keeping Black busy.} Qd8 25. h5 (25. Nxe6 $18 Rxe6 26. Nd2) 25... Bf7 $2 {[%mdl 8192]} (25... Bg8 $16 {is a better chance.}) 26. Nb7 Qf6 27. Nbd6 Rd8 $2 (27... Nc3 {was worth a try.} 28. Nxe8 Bxe8) 28. hxg6+ Bxg6 29. Bxd5 Rxd6 30. Nxd6 Qxd6 31. Qc4 Qf4 32. g3 Qg4 33. Bg8+ Kh8 34. Be6 {[#] White threatens Qc8+ and mate.} Qf3 {...Be4 is the strong threat.} 35. Bd5 Qf5 36. Rd1 Qc2 37. Rxd4 Bxd4 38. Qxd4+ {White mates.} Kh7 39. Qxa7+ Kh8 40. Qb8+ Kg7 41. Qg8+ Kf6 42. Qe6+ Kg5 43. f4+ Kh5 44. Bf3# {Precision: White = 77%, Black = 24%.} 1-0

[Event "EYCC 2017"]
[Site "Mamaia"]
[Date "2017.09.14"]
[Round "9"]
[White "Antova, Gabriela"]
[Black "Sliwicka, Alicja"]
[Result "1-0"]
[WhiteElo "2256"]
[BlackElo "2230"]
[Annotator "TA"]
[PlyCount "101"]
[EventDate "2017.??.??"]
[EventType "swiss"]
[EventCountry "ROU"]
[SourceTitle "playchess.com"]
[Source "ChessBase"]
[SourceQuality "1"]

{[%evp 20,101,47,42,52,52,54,35,78,47,75,73,77,70,76,66,104,52,70,47,39,50,68,13,27,14,33,47,36,42,81,59,85,21,7,5,29,27,29,-3,15,0,0,0,22,36,27,33,33,20,56,30,94,94,145,143,146,156,159,0,113,0,160,156,218,207,225,208,260,275,405,406,518,513,4878,503,879,862,830,816,759,697,29997,29998]} 1. d4 Nf6 2. c4 g6 3. Nf3 Bg7 4. g3 O-O 5. Bg2 d5 6. cxd5 Nxd5 7. O-O Nb6 8. Nc3 Nc6 9. e3 Re8 10. Nh4 {D76: Fianchetto Grünfeld: Main Line with 7...Nb6} (10. d5 Na5 11. Nd4 Bd7 12. b4 Nac4 13. Qc2 Qc8 14. Rd1 Bh3 15. Bh1 a5 16. b5 Bg4 17. Nce2 e5 18. dxe6 fxe6 19. Rb1 e5 20. Nb3 {0-1 (37) Jobava,B (2714)-Maghsoodloo,P (2584) Bandar e Anzali 2017}) 10... a5 11. f4 {LiveBook: 9 Games} e6 12. Qe2 $146 {White is slightly better.} ({Find the theoretical novelty and annotate with similar games:} 12. Nf3 a4 13. Rb1 Nb4 14. a3 Nc6 15. Ne5 Ne7 16. Ne4 f6 17. Nd3 Nc6 {½-½ (62) Kreisl,R (2440)-Trbojevic,M (2361) Austria 2015}) 12... a4 13. Rd1 Qe7 14. Nf3 Rd8 15. Bd2 Na5 16. Be1 Bd7 17. Rac1 Nbc4 18. b3 (18. Nb1 $16) 18... Nb6 19. Rb1 axb3 20. axb3 Nd5 21. Ne4 ({White should try} 21. Ne5 $14) 21... b6 $11 22. b4 Nc6 {[%cal Rc6b4]} 23. b5 Na7 24. Nc3 Rab8 25. Ne5 Be8 26. e4 (26. Nxd5 $16 exd5 27. Rdc1) 26... Nxc3 27. Bxc3 c6 (27... Qa3 $5 {[%cal Ra3c3]} 28. Be1 c6 $14) 28. bxc6 Nxc6 29. Kh1 Rdc8 30. d5 Nxe5 31. d6 Qd7 32. Bxe5 Bxe5 33. fxe5 Rc5 34. Qb2 $36 {[%mdl 2048] White fights for an advantage.} b5 35. Qd4 Rbc8 (35... Rc2 $11 {remains equal.}) 36. Bf1 $16 Kg7 ({Black should play} 36... Qb7) 37. Kg1 h6 38. Ra1 Kh7 39. Rab1 Kg7 $1 40. Ra1 Kh7 $1 41. Ra5 Kg7 (41... Kg8 $16 42. Rda1 Qd8) 42. Rda1 $1 $18 Qd8 43. Ra7 $1 R5c7 {[#]} 44. Qf2 $1 ({Much less strong is} 44. Rxc7 $6 Rxc7 45. Ra8 Rc8 $16) 44... Rxa7 (44... Rc2 $142 45. Qf6+ Kg8) 45. Rxa7 ({Inferior is} 45. Qxa7 b4 $11) 45... Ra8 {intending ...Rxa7.} 46. Re7 Kh7 {[#]} (46... Rb8 $142 47. Qf6+ Kg8) 47. Qf6 (47. Bxb5 $142 $1 {[%mdl 512]} Ra1+ (47... Bxb5 48. Qxf7+) 48. Kg2) 47... Qb6+ (47... Kg8 $142 48. d7 Qxd7) 48. Kh1 {Threatening mate with d7.} Qc6 {[#]} 49. d7 $1 {[%mdl 512]} Qxe4+ (49... Bxd7 50. Rxf7+) 50. Kg1 Ra2 51. Rxf7+ {Precision: White = 56%, Black = 24%.} 1-0